| 000 | 00743nas a2200277 4500 | ||
|---|---|---|---|
| 001 | BR7901307 | ||
| 003 | BR-BrBNA | ||
| 005 | 20231205083648.0 | ||
| 007 | ta | ||
| 008 | 230509b bl.|||p| |||| 00| 00por d | ||
| 040 |
_aBR-BrBNA _bpor _cBiblioteca Nacional de Agricultura |
||
| 041 | _a(Pt) | ||
| 072 | _aF60 | ||
| 100 | 1 | _aBovi, M.L.A. | |
| 100 | 1 | _aCardoso, M. | |
| 100 | 1 | _aCione, J. | |
| 245 | 1 | _aSistema radicular do palmiteiro [acai, Euterpe edulis] | |
| 650 | _aFISIOLOGIA VEGETAL | ||
| 650 | _aACAI | ||
| 650 | _aRAIZ | ||
| 650 | _aENRAIZAMENTO | ||
| 650 | _aPALMITO | ||
| 773 | 0 |
_tBragantia (Brazil) _xISSN 0006-8705 _g(1978), v. 37 4 p. _wBR7901307 |
|
| 909 |
_a202311 _bLúcia _c55 _dLúcia Elande |
||
| 942 |
_2AGRIS _n0 _cANA |
||
| 999 |
_c100399 _d100399 |
||